Identidad de Limache entre la tradición y la modernidad.
Gorde:
| Egile nagusia: | |
|---|---|
| Formatua: | Liburua |
| Hizkuntza: | gaztelania |
| Argitaratua: |
Limache, Chile:
La Prensa,
2016.
|
| Edizioa: | Primera edición. |
| Gaiak: | |
| Etiketak: |
Etiketa erantsi
Etiketarik gabe, Izan zaitez lehena erregistro honi etiketa jartzen!
|
MARC
| LEADER | 00000cam a2200000 a 4500 | ||
|---|---|---|---|
| 001 | UCD6750 | ||
| 003 | CL-VaPUC | ||
| 005 | 20241021094946.0 | ||
| 008 | 170113e20160800cl |||||||||||||||||spa|d | ||
| 999 | |c 366938 |d 366936 | ||
| 020 | |a 9789563627329 | ||
| 040 | |c Pontificia Universidad Católica de Valparaíso | ||
| 082 | 0 | 4 | |a 983.252 ESC 2016 |2 21 |
| 100 | |a Escuti Vergara, Jorge Santiago |e autor |9 590560 | ||
| 245 | 1 | 0 | |a Identidad de Limache entre la tradición y la modernidad. |
| 250 | |a Primera edición. | ||
| 260 | |a Limache, Chile: |b La Prensa, |c 2016. | ||
| 300 | |a 233 páginas. | ||
| 500 | |a c. Fondo Budge. Donación profesor Sr. Eduardo Cavieres. 05-08-2019 Para Eduardo Cavieres, maestro de profesores e historiadores, de uno de sus discípulos más reconocidos. Con afecto de siempre: Jorge Escuti V. | ||
| 583 | |a last modification |c 20170113 07:29:00 |k Rodrigo Vera | ||
| 650 | 0 | |a Historia de Limache |2 CL-VaPUC |9 460819 |x Costumbres y tradiciones |z Chile | |
| 942 | |c BK |2 ddc | ||
| 945 | |d 20170113 07:29:00 |a arojas | ||
| 952 | |0 0 |1 0 |3 erb |4 0 |6 983_252000000000000_ESC_2016 |7 0 |8 A |9 481592 |a BIBHIS |b BIBHIS |i 5359643 |l 3 |m 2 |o 983.252 ESC 2016 |p 5359643 |r 2025-05-05 |s 2025-04-28 |w 2019-11-24 |y BK |z Catalogado en:20170113 |k HIS | ||
| 952 | |0 0 |1 0 |3 erb |4 0 |6 983_252000000000000_ESC_2016 |7 0 |8 X |9 481593 |a FDOBUD |b FDOBUD |i 5594898 |o 983.252 ESC 2016 |p 5594898 |r 2019-11-24 |w 2019-11-24 |y BK_X |z Catalogado en:20190809 |k BUD | ||